| 000 | 00638nam a22002177a 4500 | ||
|---|---|---|---|
| 003 | OSt | ||
| 005 | 20220107122725.0 | ||
| 008 | 131022b xxu||||| |||| 00| 0 eng d | ||
| 020 | _a9789351070153 | ||
| 040 | _cIIITM-K | ||
| 082 | _a005.18 NOE/E | ||
| 100 |
_aNoergaard, Tammy _92576 |
||
| 245 |
_aEmbedded systems architecture: _bA comprehensive guide for engineers and programmers _cby Tammy Noergaard |
||
| 250 | _a2nd edition | ||
| 260 |
_aNew Delhi, _bElsevier, _c2013. |
||
| 300 | _axv, 653p. | ||
| 650 |
_aCOMPUTER SCIENCE _92577 |
||
| 650 |
_aEMBEDDED SYSTEMS _92578 |
||
| 650 |
_aSYSTEMS ARCHITECTURE _92579 |
||
| 942 |
_2ddc _cBK |
||
| 999 |
_c3421 _d3421 |
||